000 00413nam a22001697a 4500
003 CEME
005 20210628203609.0
008 210203b xxu||||| |||| 00| 0 eng d
040 _c.
082 _a891.4393 ALM
100 _aAlmas, M.A
_923880
245 _aSultan salalahud din ayubi
260 _aLAHORE
_bMAKTABA AL QURESH
_c2001
300 _a943P
650 _aURDU ADAB-NOVEL
_920918
942 _cBK
_2ddc
999 _c574434
_d574434